Cuadernos : correlaciones de transferencia de calor y materia para la ingenieria de procesos /
Guardado en:
| Autores Corporativos: | , |
|---|---|
| Formato: | Libro |
| Idioma: | Spanish |
| Publicado: |
[Argentina] :
Comité Argentino de Transferencia de Calor y Materia (CAMAT),
1985.
|
| Series: | Camat ;
27 |
| Materias: | |
| Etiquetas: |
Agregar Etiqueta
Sin Etiquetas, Sea el primero en etiquetar este registro!
|
| LEADER | 01502nam a22003375a 4500 | ||
|---|---|---|---|
| 001 | EIQ.libpla000466 | ||
| 008 | 060201s1985####ag#a#####b####100#0#spa#d | ||
| 005 | 20080528181448.0 | ||
| 245 | 1 | 0 | |a Cuadernos : |b correlaciones de transferencia de calor y materia para la ingenieria de procesos / |c Comité Argentino de Transferencia de Calor y Materia (CAMAT). |
| 260 | |a [Argentina] : |b Comité Argentino de Transferencia de Calor y Materia (CAMAT), |c 1985. | ||
| 300 | |a vi, 127 p. : |b il. ; |c 29 cm. | ||
| 440 | 0 | |a Camat ; |v 27 | |
| 504 | |a Incluye referencias bibliograficas. | ||
| 022 | |a 0326-2731 | ||
| 111 | 2 | |a Seminario sobre Correlaciones de Transferencia de Calor y Materia para la Ingenieria de Procesos |n (1º : |d 1985 : |c Bahía Blanca, Argentina) | |
| 710 | 2 | |a Comité Argentino de Transferencia de Calor y Materia (CAMAT) | |
| 246 | 1 | |a Cuadernos de Camat | |
| 650 | 4 | |a Transferencia de calor |x Congresos. | |
| 650 | 4 | |a Transferencia de masa |x Congresos. | |
| 650 | 4 | |a Transferencia de Calor |x Ingeniería de procesos. | |
| 650 | 4 | |a Transferencia de masa |x Ingeniería de procesos. | |
| 650 | 4 | |a Calor |x Transferencia. | |
| 650 | 4 | |a Masa |x Transferencia. | |
| 650 | 4 | |a Heat transfer |x Congresses. | |
| 650 | 4 | |a Mass transfer |x Congresses. | |
| 650 | 4 | |a Heat transfer |x Engineering of processes. | |
| 650 | 4 | |a Mass transfer |x Engineering of processes. | |
| 650 | 4 | |a Heat |x Transfer. | |
| 650 | 4 | |a Mass |x Transfer. | |
| 040 | |a AR-BbSID |b spa |c AR-BbSID | ||
| 859 | |a AR-BbSID |b BIB. PLAPIQUI |h 536.2 |i C 735 |p 3178 | ||
